• 首页
  • 本馆介绍
  • 公告通知
  • 最新文献
  • 馆藏检索
  • 电子资源
  • 读者导购
  • 参考咨询
  • 我的图书馆
  • 登录
  • 详细信息显示
  • 放入我的书架
  • 预约/预借图书
  • 作者相关作品
  • 分类相关作品
  • 丛书相关作品
  • 出版社相关作品

书目信息

  • 表格格式
  • 工作单格式
  • 卡片格式
题名:
植物激素及其免疫检测技术
    
 
作者: 李宗霆 , 周燮 著
分册:  
出版信息: 南京   江苏科学技术出版社  1996
页数: 345页
开本: 26cm
丛书名:
单 册:
中图分类: S432.2 , Q946.88
科图分类:
主题词: 植物--植物免疫学 , 植物学:生物化学--植物激素
电子资源:
ISBN: 7-5345-2057-6
000 00787nam0 2200253 45
001 0501011221
005 20050101123942.8
010    @a7-5345-2057-6@dCNY30.00
100    @a20050101d1996 km y0chiy0120 ea
101 0  @achi
102    @aCN@b320000
200 1  @a植物激素及其免疫检测技术@AZhi Wu Ji Su Ji Qi Mian Yi Jian Ce Ji Shu@dPlant hormones and their immunoassays@f李宗霆,周燮著
210    @a南京@c江苏科学技术出版社@d1996
215    @a345页@d26cm
510    @aPlant hormones and their immunoassays
606 0  @a植物@x植物免疫学
606 0  @a植物学:生物化学@x植物激素
690    @aS432.2@v4
690    @aQ946.88@v4
701  0 @a李宗霆@ALi Zong Ting@4著
701  0 @a周燮@AZhou Xie@4著
801    @aCN@bahty@c20050101
905    @aBZT@dS432.2@e1
906    @dCNY30.00@n0@r1
    
    植物激素及其免疫检测技术=Plant hormones and their immunoassays/李宗霆,周燮著.-南京:江苏科学技术出版社,1996
    345页;26cm
    ←并列题名:Plant hormones and their immunoassays
    
    ISBN 7-5345-2057-6:CNY30.00
    
●
相关链接 在五车中查询图书 在当当中查询图书 在豆瓣中查询图书


正题名:植物激素及其免疫检测技术     索取号:S432.2/1         预约/预借

序号 登录号 条形码 馆藏地/架位号 状态 备注
1 377968   210010575   中心书库中库/ 中库033架B面9列5层15/ [索取号:S432.2/1] 在馆    
2 377969   210010557   中心书库中库/ 中库033架B面9列5层13/ [索取号:S432.2/1] 在馆    
3 377970   210010584   中心书库中库/ 中库031架B面3列6层11/ [索取号:S432.2/1] 在馆    
4 377971   210010539   中心书库中库/ 中库033架B面9列5层11/ [索取号:S432.2/1] 在馆    
5 377972   210010566   中心书库中库/ 中库033架B面9列5层12/ [索取号:S432.2/1] 在馆    
6 377973   210010548   中心书库中库/ 中库033架B面9列5层18/ [索取号:S432.2/1] 在馆    
7 377974   210010511   中心书库中库/ 中库033架B面9列5层17/ [索取号:S432.2/1] 在馆    
8 377975   210019068   中心书库中库/ 中库033架B面9列5层10/ [索取号:S432.2/1] 在馆    
9 377976   210010496   中心书库中库/ 中库033架B面9列5层16/ [索取号:S432.2/1] 在馆    
10 377977   210019077   中心书库中库/ 中库033架B面9列5层14/ [索取号:S432.2/1] 在馆    
山东省滨州职业学院图书馆 欢迎您!
大连网信软件有限公司© 版权所有